15 najbardziej dotkniętych krajów Covid-19 - 9 marzec 2022 - Statystyki

Ogólne statystyki
  • Ten quiz został rozwiązany 46 razy
  • Średni wynik to 10 z 29
Statystyki odpowiedzi
kraj % Poprawnych
Stany Zjednoczone
93%
Hiszpania
73%
Niemcy
73%
Rosja
73%
Francja
71%
Brazylia
63%
Włochy
61%
Indie
56%
Wielka Brytania
51%
Argentyna
34%
Portugalia
34%
Holandia
32%
Holandia
32%
Belgia
29%
Turcja
29%
Czechy
24%
Dania
24%
Szwajcaria
22%
Austria
20%
Indonezja
15%
Estonia
12%
Iran
12%
Kolumbia
12%
Litwa
12%
Łotwa
12%
Słowenia
12%
Izrael
7%
Gruzja
5%
Bahrajn
2%
Nie znaleziono quizów pasujących do podanych kryteriów
Rozkład punktacji
Procent ludzi z każdym wynikiem
Percentyl według liczby udzielonych odpowiedzi
Twoja historia wyników
Nie rozwiązałeś tego quizu